Best practices on property tax reforms in India (Record no. 502281)

000 -LEADER
fixed length control field 00601cam a22001577a 4500
008 - FIXED-LENGTH DATA ELEMENTS--GENERAL INFORMATION
fixed length control field 180718b2010 xxu||||| |||| 00| 0 eng d
082 ## - DEWEY DECIMAL CLASSIFICATION NUMBER
Classification number L23x54 N213b
245 ## - TITLE STATEMENT
Title Best practices on property tax reforms in India
Statement of responsibility, etc. by National Institute of Urban Affairs
260 ## - PUBLICATION, DISTRIBUTION, ETC.
Place of publication, distribution, etc. New Delhi
Name of publisher, distributor, etc. National Institute of Urban Affairs
Date of publication, distribution, etc. 2010
300 ## - PHYSICAL DESCRIPTION
Extent 156+p.
650 ## - SUBJECT ADDED ENTRY--TOPICAL TERM
Topical term or geographic name entry element Tax collection --India --Statistics
650 ## - SUBJECT ADDED ENTRY--TOPICAL TERM
Topical term or geographic name entry element Tax assessment --India --Statistics
650 ## - SUBJECT ADDED ENTRY--TOPICAL TERM
Topical term or geographic name entry element Tax assessment --India
650 ## - SUBJECT ADDED ENTRY--TOPICAL TERM
Topical term or geographic name entry element Jawaharlal Nehru National Urban Renewal Mission (India)
700 ## - ADDED ENTRY--PERSONAL NAME
Personal name National Institute of Urban Affairs
Holdings
Withdrawn status Lost status Damaged status Not for loan Permanent Location Current Location Date acquired Full call number Barcode Date last seen Price effective from Koha item type
        Indian Institute of Public Administration Indian Institute of Public Administration 2018-08-04 L23x54 N213b GR18584 2018-08-04 2018-08-04 GR

Powered by Koha